[Event "CAMPEONATO PROVINCIAL ABSOLUTO de ALICAN"]
[Site "Elche"]
[Date "2011.10.01"]
[Round "1"]
[White "Arias Igual, Alejandro"]
[Black "Marti Blanes, Jose Manuel"]
[Result "1-0"]
[WhiteElo "2123"]
[BlackElo "1921"]
[PlyCount "69"]
[EventDate "2011.10.01"]
[EventRounds "7"]
[EventCountry "ESP"]

1. d4 Nf6 2. c4 g6 3. g3 Bg7 4. Bg2 O-O 5. Nc3 d6 6. e4 Nbd7 7. Nge2 e5 8. O-O
Re8 9. f3 a6 10. Be3 exd4 11. Nxd4 Rb8 12. Rf2 c5 13. Nc2 Ne5 14. Na3 Be6 15.
Rd2 Qa5 16. Qe2 Qb4 17. Nd5 Bxd5 18. cxd5 b5 19. h3 c4 20. Rb1 Nd3 21. Nc2 Qa4
22. b3 Qxa2 23. Ra1 Qxb3 24. Ra3 Qxa3 25. Nxa3 Nxd5 26. exd5 Bc3 27. Rxd3 cxd3
28. Qxd3 Ba5 29. Bd4 Re1+ 30. Kh2 Rbe8 31. Nc2 R1e2 32. Bc3 Bb6 33. Nd4 R8e3
34. Qxe2 Bxd4 35. Qd2 1-0

[Event "CAMPEONATO PROVINCIAL ABSOLUTO de ALICAN"]
[Site "Elche"]
[Date "2011.10.01"]
[Round "1"]
[White "Rico Ripoll, Emilio"]
[Black "Garcia Ramos, Marcos"]
[Result "0-1"]
[WhiteElo "1901"]
[BlackElo "2118"]
[PlyCount "106"]
[EventDate "2011.10.01"]
[EventRounds "7"]
[EventCountry "ESP"]

1. e4 c5 2. Nf3 d6 3. c3 Nf6 4. Be2 Nbd7 5. d3 b6 6. Nbd2 Bb7 7. O-O e6 8. b3
Be7 9. Bb2 O-O 10. Rc1 Re8 11. Re1 Rc8 12. Nf1 Qc7 13. Ng3 Nf8 14. Qc2 Ng6 15.
Bf1 Ne5 16. Qe2 Nxf3+ 17. Qxf3 d5 18. c4 d4 19. Qd1 Bd6 20. Rc2 Nd7 21. Bc1 Nf8
22. Rce2 Ng6 23. Qd2 Nf4 24. e5 Nxe2+ 25. Qxe2 Be7 26. Qg4 Kh8 27. Nh5 Rg8 28.
Qf4 Rcf8 29. Qg4 Bc8 30. Nf4 Qd8 31. g3 f5 32. Ng6+ hxg6 33. Qh3+ Bh4 34. gxh4
Bb7 35. Bg5 Qe8 36. f4 Kh7 37. Be2 Rh8 38. Rf1 Kg8 39. Qg3 Rf7 40. h3 Bc6 41.
Rf2 b5 42. cxb5 Bxb5 43. Qg2 Bc6 44. Bf3 Rc7 45. Rc2 Bxf3 46. Qxf3 Qc6 47. Qf2
Kf7 48. Rc4 Rb8 49. Qe2 Rb4 50. h5 Rxc4 51. hxg6+ Kxg6 52. bxc4 Rb7 53. Bh4
Rb1+ 0-1

[Event "CAMPEONATO PROVINCIAL ABSOLUTO de ALICAN"]
[Site "Elche"]
[Date "2011.10.01"]
[Round "1"]
[White "Serrano Marhuenda, Salvador"]
[Black "Lopez Navarro, Antonio Jose"]
[Result "1-0"]
[WhiteElo "2103"]
[BlackElo "1898"]
[PlyCount "69"]
[EventDate "2011.10.01"]
[EventRounds "7"]
[EventCountry "ESP"]

1. e4 g6 2. d4 Bg7 3. Nc3 d6 4. f4 a6 5. a4 Nd7 6. Nf3 e6 7. Bd3 Ne7 8. O-O O-O
9. e5 b6 10. Qe1 Bb7 11. Ne4 Bxe4 12. Bxe4 d5 13. Bd3 c5 14. c3 cxd4 15. cxd4
Nb8 16. Bd2 Nbc6 17. Qe2 a5 18. Bb5 Rc8 19. Rac1 Na7 20. b4 Nxb5 21. Qxb5 Ra8
22. bxa5 bxa5 23. Rc5 h5 24. Bxa5 Qe8 25. Rb1 Nf5 26. Rc7 Qxb5 27. Rxb5 Rfb8
28. Rxb8+ Rxb8 29. Bd2 Bf8 30. a5 Bb4 31. Bxb4 Rxb4 32. a6 Ra4 33. a7 Kg7 34.
Ng5 Nxd4 35. Rxf7+ 1-0

[Event "CAMPEONATO PROVINCIAL ABSOLUTO de ALICAN"]
[Site "Elche"]
[Date "2011.10.01"]
[Round "1"]
[White "Tortosa Gomez, Alberto J"]
[Black "O`neill Y Daneiko, Jose Antonio"]
[Result "0-1"]
[WhiteElo "1884"]
[BlackElo "2091"]
[PlyCount "118"]
[EventDate "2011.10.01"]
[EventRounds "7"]
[EventCountry "ESP"]

1. e4 Nf6 2. Nc3 d5 3. e5 Nfd7 4. Nxd5 Nxe5 5. Ne3 c5 6. Nf3 Nbc6 7. Nxe5 Nxe5
8. Nc4 Nc6 9. b3 e5 10. Bb2 f6 11. Be2 Be7 12. Bh5+ g6 13. Bf3 Nd4 14. Bxd4
cxd4 15. h4 O-O 16. h5 g5 17. Qe2 Rb8 18. Qe4 Be6 19. h6 b5 20. Nb2 Qd7 21. d3
Bb4+ 22. Kf1 Rfc8 23. Bd1 Bd5 24. Qe2 Ba3 25. Rb1 Qc6 26. Qg4 Rc7 27. Bf3 Bxf3
28. Qxf3 Qxf3 29. gxf3 Rxc2 30. Nd1 Rxa2 31. b4 Rc8 32. Kg2 Rc6 33. Kg3 Ra6 34.
Kg4 Ra4 35. Kf5 Kf7 36. f4 exf4 37. Re1 Rxb4 38. Rxb4 Bxb4 39. Re6 Be7 40. f3
Rd2 41. Re1 Rxd3 42. Kg4 Rd2 43. Kf5 a5 44. Rf1 Re2 45. Nf2 Re5+ 46. Kg4 Kg6
47. Nd3 f5+ 48. Kh3 Re3 49. Nb2 g4+ 50. Kg2 Re2+ 51. Rf2 Rxf2+ 52. Kxf2 g3+ 53.
Kg2 a4 54. Nd3 Bd6 55. Kh3 a3 56. Kh4 a2 57. Kh3 a1=Q 58. Nf2 Qf1+ 59. Kh4 Qxf2
0-1

[Event "CAMPEONATO PROVINCIAL ABSOLUTO de ALICAN"]
[Site "Elche"]
[Date "2011.10.22"]
[Round "2"]
[White "Sanchez Barbado, Carlos"]
[Black "Soler Giner, Salvador"]
[Result "1-0"]
[WhiteElo "2180"]
[BlackElo "2030"]
[PlyCount "37"]
[EventDate "2011.10.01"]
[EventRounds "7"]
[EventCountry "ESP"]

1. e4 e5 2. Nf3 Nf6 3. Nxe5 d6 4. Nf3 Nxe4 5. Bd3 Nc5 6. Be2 Be7 7. c4 O-O 8.
d4 Ne4 9. O-O Bf5 10. Qb3 Qc8 11. Re1 Re8 12. Bd3 Bf6 13. Qc2 Ng5 14. Rxe8+
Qxe8 15. Bxf5 Nxf3+ 16. gxf3 Qe1+ 17. Kg2 Bxd4 18. Bxh7+ Kh8 19. Be4 1-0

[Event "CAMPEONATO PROVINCIAL ABSOLUTO de ALICAN"]
[Site "Elche"]
[Date "2011.10.22"]
[Round "2"]
[White "Moreno Simo, Javier"]
[Black "Bendayan Claros, Aaron"]
[Result "1-0"]
[WhiteElo "2034"]
[BlackElo "2175"]
[PlyCount "99"]
[EventDate "2011.10.01"]
[EventRounds "7"]
[EventCountry "ESP"]

1. d4 b5 2. e4 Bb7 3. Bd3 e6 4. Nf3 a6 5. O-O c5 6. dxc5 Bxc5 7. a4 b4 8. Nbd2
Nc6 9. Qe2 Qc7 10. Nc4 d6 11. Be3 Bxe3 12. Qxe3 Nge7 13. Rad1 O-O 14. Qg5 Ng6
15. h4 Nce5 16. Nfxe5 Nxe5 17. Nxe5 dxe5 18. Rfe1 Rad8 19. h5 h6 20. Qh4 Rd4
21. f3 Rfd8 22. b3 f5 23. Qh3 Qb6 24. Kh2 fxe4 25. fxe4 Bxe4 26. Qg3 Bxd3 27.
Rxd3 e4 28. Rxd4 Qxd4 29. Qe3 Qxe3 30. Rxe3 Rd4 31. Kg3 e5 32. Kg4 Rd2 33. Rxe4
Rxg2+ 34. Kf5 Kf7 35. Kxe5 a5 36. Rf4+ Ke7 37. Rf5 Rd2 38. Ke4 Rxc2 39. Rxa5
Rc3 40. Kf5 Rxb3 41. Ra7+ Kf8 42. Kg6 Rg3+ 43. Kh7 Rg5 44. Ra8+ Ke7 45. a5 b3
46. a6 Rb5 47. Ra7+ Kf6 48. Rb7 Ra5 49. Rxg7 Rxa6 50. Rg6+ 1-0

[Event "CAMPEONATO PROVINCIAL ABSOLUTO de ALICAN"]
[Site "Elche"]
[Date "2011.10.22"]
[Round "2"]
[White "Zamora Soler, Raul"]
[Black "Arias Igual, Alejandro"]
[Result "1-0"]
[WhiteElo "2027"]
[BlackElo "2123"]
[PlyCount "61"]
[EventDate "2011.10.01"]
[EventRounds "7"]
[EventCountry "ESP"]

1. e4 c5 2. Nf3 Nc6 3. d4 cxd4 4. Nxd4 e5 5. Nb5 d6 6. c4 a6 7. N5c3 Be7 8. Be3
Bg5 9. Bxg5 Qxg5 10. Qxd6 Nge7 11. Qd2 Qg6 12. f3 f5 13. Nd5 fxe4 14. Nc7+ Kf7
15. Nxa8 Rd8 16. Qc3 exf3 17. gxf3 Nd4 18. Na3 Qf6 19. Bg2 Qh4+ 20. Kf1 Bh3 21.
Rg1 Rxa8 22. Re1 Ng6 23. Re4 Bxg2+ 24. Rxg2 Qh3 25. Reg4 Ke6 26. R4g3 Qf5 27.
Nc2 Nf4 28. Rd2 Rd8 29. c5 Nxc2 30. Rxd8 Nd5 31. Rd6+ 1-0

[Event "CAMPEONATO PROVINCIAL ABSOLUTO de ALICAN"]
[Site "Elche"]
[Date "2011.10.22"]
[Round "2"]
[White "Garcia Ramos, Marcos"]
[Black "Escalona Moncholi, Felix"]
[Result "0-1"]
[WhiteElo "2118"]
[BlackElo "2012"]
[PlyCount "72"]
[EventDate "2011.10.01"]
[EventRounds "7"]
[EventCountry "ESP"]

1. e4 e6 2. d4 d5 3. e5 c5 4. c3 Nc6 5. Nf3 Bd7 6. a3 f6 7. Bd3 Qc7 8. Qe2
O-O-O 9. O-O fxe5 10. dxe5 Nh6 11. Bg5 Re8 12. h3 Nf7 13. Bf4 Be7 14. c4 g5 15.
Bg3 d4 16. Nbd2 h5 17. Rfe1 h4 18. Bh2 g4 19. hxg4 Reg8 20. Qe4 Qd8 21. Bf1 Nh6
22. g5 Bxg5 23. Nxg5 Qxg5 24. Bf4 Qg7 25. Be2 h3 26. g3 h2+ 27. Kh1 Ng4 28.
Bxg4 Qxg4 29. f3 Qh3 30. Re2 Ne7 31. Nf1 Bc6 32. Qd3 Nf5 33. Rxh2 Nxg3+ 34.
Bxg3 Rxg3 35. Rxh3 Rhxh3+ 36. Nh2 Bxf3+ 0-1

[Event "CAMPEONATO PROVINCIAL ABSOLUTO de ALICAN"]
[Site "Elche"]
[Date "2011.10.22"]
[Round "2"]
[White "Diez Machin, Vicente"]
[Black "Serrano Marhuenda, Salvador"]
[Result "1/2-1/2"]
[WhiteElo "2015"]
[BlackElo "2103"]
[PlyCount "33"]
[EventDate "2011.10.01"]
[EventRounds "7"]
[EventCountry "ESP"]

1. e4 c5 2. Nf3 e6 3. d4 cxd4 4. Nxd4 a6 5. c4 Nf6 6. Bd3 Nc6 7. Nxc6 dxc6 8.
O-O e5 9. Bc2 Qxd1 10. Rxd1 Bg4 11. f3 Bc5+ 12. Kf1 Be6 13. Nd2 O-O-O 14. Rb1
Rd7 15. Ke2 Bb4 16. b3 Rhd8 17. a3 1/2-1/2

[Event "CAMPEONATO PROVINCIAL ABSOLUTO de ALICAN"]
[Site "Elche"]
[Date "2011.10.22"]
[Round "2"]
[White "O`neill Y Daneiko, Jose Antonio"]
[Black "Vieito Soria, Luis Maria"]
[Result "1-0"]
[WhiteElo "2091"]
[BlackElo "1930"]
[PlyCount "93"]
[EventDate "2011.10.01"]
[EventRounds "7"]
[EventCountry "ESP"]

1. e4 e6 2. d4 d5 3. Nc3 dxe4 4. Nxe4 Nd7 5. Nf3 Ngf6 6. Nxf6+ Nxf6 7. Bd3 c5
8. O-O Qc7 9. Qe2 a6 10. Re1 cxd4 11. Nxd4 Bc5 12. Nb3 Bd6 13. h3 Bd7 14. c4
Bc6 15. Bd2 b6 16. Rac1 Bh2+ 17. Kh1 Bf4 18. Nd4 Bxd2 19. Qxd2 Rd8 20. Nxc6
Qxc6 21. Rc3 h5 22. Qg5 Rd4 23. Qe5 Rd6 24. c5 Rd5 25. Qb8+ Rd8 26. Qxb6 Qxb6
27. cxb6 Nd5 28. Rb3 Nxb6 29. Bxa6 Nd5 30. Bb5+ Ke7 31. Bc4 g5 32. Rb7+ Kf6 33.
Bxd5 Rxd5 34. Re2 g4 35. h4 Rc8 36. b4 Rc4 37. Kh2 Rdd4 38. Rb2 g3+ 39. fxg3
Rd1 40. Rf2+ Ke5 41. Rb5+ Kd6 42. Rxh5 Rcc1 43. Kh3 f5 44. g4 Rc4 45. gxf5 Rh1+
46. Kg3 exf5 47. Rfxf5 1-0

[Event "CAMPEONATO PROVINCIAL ABSOLUTO de ALICAN"]
[Site "Elche"]
[Date "2011.10.22"]
[Round "2"]
[White "Lloret Ramon, Carles"]
[Black "Beltran Garcia, Ruben"]
[Result "0-1"]
[WhiteElo "1654"]
[BlackElo "2074"]
[PlyCount "61"]
[EventDate "2011.10.01"]
[EventRounds "7"]
[EventCountry "ESP"]

1. e4 e6 2. d4 d5 3. e5 c5 4. c3 Nc6 5. Nf3 Qb6 6. a3 c4 7. Qc2 Bd7 8. Nbd2 Na5
9. Rb1 Qc7 10. b3 cxb3 11. Nxb3 Ba4 12. Nfd2 Rc8 13. Bb2 Ne7 14. Qd3 Nc4 15.
Nc5 Nxe5 16. Qg3 Nf5 17. Nxe6 fxe6 18. Qxe5 Qf7 19. Bd3 Bd6 20. Qe2 O-O 21. O-O
Rce8 22. Qg4 Bd7 23. Rbe1 e5 24. dxe5 Rxe5 25. c4 Ne3 26. Qf3 Qe7 27. Qe2 Bg4
28. f3 Rh5 29. Qxe3 Bxh2+ 30. Kf2 Bg3+ 31. Kg1 0-1

[Event "CAMPEONATO PROVINCIAL ABSOLUTO de ALICAN"]
[Site "Elche"]
[Date "2011.10.29"]
[Round "3"]
[White "Sanchez Jerez, Emilio Miguel"]
[Black "Moreno Simo, Javier"]
[Result "1-0"]
[WhiteElo "2275"]
[BlackElo "2034"]
[PlyCount "113"]
[EventDate "2011.10.01"]
[EventRounds "7"]
[EventCountry "ESP"]

1. d4 f5 2. Bg5 g6 3. Nd2 Bg7 4. e4 fxe4 5. Nxe4 d5 6. Ng3 Nh6 7. Nh5 Kf8 8.
Nxg7 Kxg7 9. Bxh6+ Kxh6 10. h4 Rf8 11. Qd2+ Kg7 12. h5 Bf5 13. g4 Bxg4 14. hxg6
h5 15. Bd3 Qd6 16. Ne2 Nd7 17. O-O-O Rxf2 18. Rdg1 Bxe2 19. Bxe2 Qf4 20. Qxf4
Rxf4 21. Rxh5 Nf6 22. Re5 Re4 23. Rgg5 Rxe5 24. Rxe5 Re8 25. Bd3 e6 26. Kd2 Nd7
27. Rh5 Rh8 28. Rxh8 Kxh8 29. Ke3 Kg7 30. Kf4 Kf6 31. Kg4 Nf8 32. Kh5 Kg7 33.
Kg5 Nd7 34. a4 a6 35. a5 c5 36. dxc5 Nxc5 37. Be2 Ne4+ 38. Kf4 Kf6 39. Bf3 Nd2
40. Be2 Ne4 41. c4 Nc5 42. b4 Nd7 43. cxd5 exd5 44. Bf3 Ne5 45. g7 Ng6+ 46. Ke3
Kxg7 47. Bxd5 Ne5 48. Kd4 Kf6 49. Bxb7 Ke6 50. Bxa6 Kd6 51. Bb7 Nd7 52. Bg2 Kc7
53. b5 Nb8 54. Bh3 Kb7 55. Kc5 Ka7 56. Bc8 Ka8 57. Kb6 1-0

[Event "CAMPEONATO PROVINCIAL ABSOLUTO de ALICAN"]
[Site "Elche"]
[Date "2011.10.29"]
[Round "3"]
[White "Beltran Garcia, Ruben"]
[Black "Sanchez Barbado, Carlos"]
[Result "0-1"]
[WhiteElo "2074"]
[BlackElo "2180"]
[PlyCount "86"]
[EventDate "2011.10.01"]
[EventRounds "7"]
[EventCountry "ESP"]

1. e4 e6 2. d4 d5 3. Nd2 Nf6 4. e5 Nfd7 5. Bd3 c5 6. c3 Nc6 7. Ne2 cxd4 8. cxd4
f6 9. Nf4 Nxd4 10. Qh5+ Ke7 11. exf6+ Nxf6 12. Qh4 e5 13. Ng6+ hxg6 14. Qxh8 e4
15. Bb1 Qc7 16. O-O Ne2+ 17. Kh1 Nxc1 18. Bxe4 dxe4 19. Raxc1 Qf4 20. Rfd1 Bg4
21. f3 Rc8 22. Rxc8 Bxc8 23. fxe4 Bg4 24. Rf1 Qh6 25. Qxh6 gxh6 26. Rc1 Kd7 27.
Nc4 Ke6 28. Nd2 Bb4 29. Nb3 Kd7 30. e5 Nd5 31. a3 Be7 32. Na5 b6 33. Nc6 Bg5
34. Rc2 Bf5 35. Rc4 Bd3 36. Rd4 Kxc6 37. Rxd3 Bf4 38. e6 Bg5 39. Rg3 Nf4 40. h4
Bxh4 41. Rc3+ Kd6 42. g3 Nd5 43. Rc4 Bf6 0-1

[Event "CAMPEONATO PROVINCIAL ABSOLUTO de ALICAN"]
[Site "Elche"]
[Date "2011.10.29"]
[Round "3"]
[White "Escalona Moncholi, Felix"]
[Black "O`neill Y Daneiko, Jose Antonio"]
[Result "1/2-1/2"]
[WhiteElo "2012"]
[BlackElo "2091"]
[PlyCount "44"]
[EventDate "2011.10.01"]
[EventRounds "7"]
[EventCountry "ESP"]

1. d4 Nf6 2. Nc3 d5 3. Bg5 Nbd7 4. e3 g6 5. Nf3 Bg7 6. Bd3 c6 7. O-O O-O 8. Re1
Re8 9. e4 dxe4 10. Nxe4 Qb6 11. Rb1 Nxe4 12. Rxe4 Nf6 13. Re1 Bg4 14. c3 Qa5
15. Bxf6 Bxf6 16. a3 Rad8 17. h3 Bf5 18. Bxf5 Qxf5 19. Qb3 Rd7 20. Ra1 Red8 21.
Ne5 Bxe5 22. Rxe5 Qf6 1/2-1/2

[Event "CAMPEONATO PROVINCIAL ABSOLUTO de ALICAN"]
[Site "Elche"]
[Date "2011.10.29"]
[Round "3"]
[White "Serrano Marhuenda, Salvador"]
[Black "Zamora Soler, Raul"]
[Result "1/2-1/2"]
[WhiteElo "2103"]
[BlackElo "2027"]
[PlyCount "26"]
[EventDate "2011.10.01"]
[EventRounds "7"]
[EventCountry "ESP"]

1. e4 e6 2. d4 d5 3. Nc3 Nf6 4. e5 Nfd7 5. f4 c5 6. Nf3 cxd4 7. Nxd4 Nc6 8. Be3
a6 9. Qd2 g6 10. Be2 Nxd4 11. Bxd4 Bc5 12. O-O-O Bxd4 13. Qxd4 Qb6 1/2-1/2

[Event "CAMPEONATO PROVINCIAL ABSOLUTO de ALICAN"]
[Site "Elche"]
[Date "2011.10.29"]
[Round "3"]
[White "Esquerdo Nogueroles, Jaime"]
[Black "Diez Machin, Vicente"]
[Result "0-1"]
[WhiteElo "1803"]
[BlackElo "2015"]
[PlyCount "78"]
[EventDate "2011.10.01"]
[EventRounds "7"]
[EventCountry "ESP"]

1. e4 c5 2. Ne2 Nc6 3. f4 Qc7 4. Nbc3 a6 5. d4 cxd4 6. Nxd4 e6 7. Be3 Bb4 8.
Qg4 Kf8 9. Bd3 Nf6 10. Qf3 h5 11. Nde2 b5 12. h3 Bb7 13. Qf2 d6 14. O-O-O Ba5
15. Kb1 b4 16. Na4 Ne7 17. Rhf1 Bxe4 18. Ng3 Bc6 19. Nb6 Rb8 20. Nc4 Ned5 21.
Bd4 Bb5 22. Bxf6 Nxf6 23. Nxd6 Bxd3 24. Rxd3 Nd5 25. Ndf5 Bb6 26. Qd2 Rc8 27.
Nd4 Qa7 28. Ne4 Rc4 29. Nxe6+ fxe6 30. Ng5 Rh6 31. f5 Rf4 32. Rxf4 Nxf4 33.
Rd8+ Ke7 34. Qd6+ Kf6 35. Rf8+ Kxg5 36. fxe6 Qc7 37. h4+ Kg4 38. Rxf4+ Kg3 39.
Rf3+ Kxg2 0-1

[Event "CAMPEONATO PROVINCIAL ABSOLUTO de ALICAN"]
[Site "Elche"]
[Date "2011.10.29"]
[Round "3"]
[White "Bendayan Claros, Aaron"]
[Black "Lloret Climent, Miguel"]
[Result "1-0"]
[WhiteElo "2175"]
[BlackElo "2074"]
[PlyCount "67"]
[EventDate "2011.10.01"]
[EventRounds "7"]
[EventCountry "ESP"]

1. d4 d5 2. Nf3 Nf6 3. c4 e6 4. Nc3 Bb4 5. Bg5 h6 6. Bh4 c5 7. cxd5 exd5 8. e3
g5 9. Bg3 Ne4 10. Bb5+ Nc6 11. O-O Bxc3 12. bxc3 Nxc3 13. Bxc6+ bxc6 14. Qc2
Ne4 15. dxc5 O-O 16. Be5 Qe7 17. Bd4 Bf5 18. Qa4 Rfc8 19. Rfc1 g4 20. Ne5 f6
21. Nd3 Nd2 22. Nf4 Qf7 23. Qa5 Ne4 24. Rab1 Ng5 25. Rb3 Rcb8 26. Qa6 Rxb3 27.
axb3 Rc8 28. b4 Rc7 29. b5 Bc8 30. Qa5 cxb5 31. Nxd5 Qxd5 32. Qxc7 Bb7 33. c6
Nh3+ 34. gxh3 1-0

[Event "CAMPEONATO PROVINCIAL ABSOLUTO de ALICAN"]
[Site "Elche"]
[Date "2011.10.29"]
[Round "3"]
[White "Esquerdo Nogueroles, Gaspar"]
[Black "Navarro Lopez-Menchero, Daniel"]
[Result "1/2-1/2"]
[WhiteElo "1951"]
[BlackElo "2184"]
[PlyCount "100"]
[EventDate "2011.10.01"]
[EventRounds "7"]
[EventCountry "ESP"]

1. f4 d5 2. e3 Nf6 3. Nf3 c5 4. b3 Nc6 5. Bb5 Qb6 6. Bxc6+ bxc6 7. Ne5 Ba6 8.
d3 Rd8 9. c4 g6 10. O-O Bg7 11. Qe2 O-O 12. Nc3 Qc7 13. Bb2 Nd7 14. Nxd7 Qxd7
15. Na4 Qd6 16. Bxg7 Kxg7 17. Qb2+ f6 18. Qa3 dxc4 19. dxc4 Qe6 20. Nxc5 Qxe3+
21. Kh1 Bxc4 22. Rfe1 Be2 23. Qc1 Qxc1 24. Raxc1 Bg4 25. h3 Bf5 26. Rxe7+ Rf7
27. Ne6+ Bxe6 28. Rxe6 Rd2 29. a4 Rd3 30. Rb1 Rc7 31. b4 Rd4 32. g3 Kf7 33. Re3
h5 34. Rc3 Ke6 35. Kg2 Kd6 36. Kf3 c5 37. bxc5+ Rxc5 38. Rxc5 Kxc5 39. Rb5+ Kc6
40. Ra5 Kb6 41. Rb5+ Ka6 42. Rc5 Rd3+ 43. Kf2 Kb6 44. Rb5+ Kc6 45. Ra5 Kb6 46.
Rb5+ Kc7 47. Rc5+ Kb7 48. Rb5+ Ka6 49. Rc5 Kb6 50. Rb5+ Ka6 1/2-1/2

[Event "CAMPEONATO PROVINCIAL ABSOLUTO de ALICAN"]
[Site "Elche"]
[Date "2011.10.29"]
[Round "3"]
[White "Marti Blanes, Jose Manuel"]
[Black "Varga, Mariano"]
[Result "1-0"]
[WhiteElo "1921"]
[BlackElo "2143"]
[PlyCount "79"]
[EventDate "2011.10.01"]
[EventRounds "7"]
[EventCountry "ESP"]

1. e4 c5 2. Nf3 a6 3. c3 e6 4. d4 d5 5. e5 f5 6. Bg5 Qb6 7. Qb3 Qxb3 8. axb3
Nc6 9. dxc5 Bxc5 10. b4 Bb6 11. b5 Nb8 12. h4 Ne7 13. h5 Nd7 14. h6 g6 15. bxa6
bxa6 16. Bb5 Bb7 17. Bxd7+ Kxd7 18. Bf6 Nc6 19. Nbd2 Rhf8 20. Bg7 Rf7 21. Ng5
Rxg7 22. hxg7 h5 23. Nh7 Ke7 24. Nf6 Kf7 25. g8=Q+ Rxg8 26. Nxg8 Kxg8 27. f4
Be3 28. Rf1 h4 29. Ke2 Bb6 30. b4 g5 31. Nb3 gxf4 32. Nc5 Bxc5 33. bxc5 Nxe5
34. Rxf4 Bc6 35. Rb1 Bb5+ 36. Kd1 Ng4 37. Rxb5 axb5 38. Rxg4+ fxg4 39. c6 h3
40. gxh3 1-0

[Event "CAMPEONATO PROVINCIAL ABSOLUTO de ALICAN"]
[Site "Elche"]
[Date "2011.11.05"]
[Round "4"]
[White "Sanchez Barbado, Carlos"]
[Black "Sanchez Jerez, Emilio Miguel"]
[Result "0-1"]
[WhiteElo "2180"]
[BlackElo "2275"]
[PlyCount "64"]
[EventDate "2011.10.01"]
[EventRounds "7"]
[EventCountry "ESP"]

1. e4 c5 2. Nf3 e6 3. d4 cxd4 4. Nxd4 a6 5. Nc3 b5 6. Be3 Bb7 7. f3 Qc7 8. Qd2
Nc6 9. Be2 Nf6 10. g4 h6 11. Nb3 Ne5 12. Rg1 d5 13. f4 Nc4 14. Bxc4 dxc4 15. e5
cxb3 16. exf6 bxc2 17. Qxc2 gxf6 18. O-O-O Rc8 19. Rd2 b4 20. Na4 Qa5 21. Qxc8+
Bxc8 22. Bb6 Qxa4 23. Rd8+ Ke7 24. Rxc8 f5 25. Rc7+ Kf6 26. Bd4+ Kg6 27. gxf5+
Kxf5 28. Rxf7+ Ke4 29. Bxh8 b3 30. Re1+ Kf3 31. a3 Bxa3 32. bxa3 Qc4+ 0-1

[Event "CAMPEONATO PROVINCIAL ABSOLUTO de ALICAN"]
[Site "Elche"]
[Date "2011.11.05"]
[Round "4"]
[White "O`neill Y Daneiko, Jose Antonio"]
[Black "Zamora Soler, Raul"]
[Result "0-1"]
[WhiteElo "2091"]
[BlackElo "2027"]
[PlyCount "110"]
[EventDate "2011.10.01"]
[EventRounds "7"]
[EventCountry "ESP"]

1. e4 e6 2. d4 d5 3. Nc3 Nf6 4. e5 Nfd7 5. f4 c5 6. Nf3 Nc6 7. Be3 a6 8. Qd2
Be7 9. O-O-O g6 10. Kb1 Qc7 11. h4 cxd4 12. Nxd4 Nxd4 13. Bxd4 h5 14. Be2 b5
15. Rh3 Nc5 16. a3 Bb7 17. Rdh1 Ne4 18. Nxe4 dxe4 19. R1h2 Rc8 20. g4 Qd8 21.
gxh5 gxh5 22. c3 Bc5 23. Rg3 Bxd4 24. cxd4 Rc7 25. Bxh5 Rd7 26. Rg7 Rxd4 27.
Bxf7+ Kf8 28. Qg2 Rd1+ 29. Ka2 Bd5+ 30. b3 Rd2+ 31. Qxd2 Kxg7 32. f5 Kxf7 33.
fxe6+ Kxe6 34. Rf2 Bxb3+ 35. Kxb3 Qxd2 36. Rxd2 Kxe5 37. Rh2 a5 38. h5 Rh6 39.
Kc3 Kd5 40. Rb2 Kc5 41. Re2 b4+ 42. axb4+ axb4+ 43. Kb3 Kd4 44. Rd2+ Ke3 45.
Rd5 Rb6 46. h6 Rxh6 47. Kxb4 Rc6 48. Kb3 Ke2 49. Rh5 e3 50. Rh2+ Kd3 51. Rh8
Rb6+ 52. Ka3 Re6 53. Rd8+ Ke4 54. Rd1 e2 55. Re1 Kd3 0-1

[Event "CAMPEONATO PROVINCIAL ABSOLUTO de ALICAN"]
[Site "Elche"]
[Date "2011.11.05"]
[Round "4"]
[White "Diez Machin, Vicente"]
[Black "Arias Igual, Alejandro"]
[Result "0-1"]
[WhiteElo "2015"]
[BlackElo "2123"]
[PlyCount "70"]
[EventDate "2011.10.01"]
[EventRounds "7"]
[EventCountry "ESP"]

1. e4 c5 2. Nf3 Nc6 3. d4 cxd4 4. Nxd4 g6 5. Be3 Bg7 6. Nxc6 bxc6 7. Bd4 Nf6 8.
Nc3 O-O 9. e5 Ne8 10. Bc4 c5 11. Bxc5 Qc7 12. Bd5 Rb8 13. Bxe7 Rxb2 14. Ne2 Ba6
15. Bb3 Bxe2 16. Qxe2 Qc3+ 17. Qd2 Qxe5+ 18. Qe2 Qc3+ 19. Qd2 Rxb3 20. Qxc3
Bxc3+ 21. Ke2 Rb6 22. Kd3 Bxa1 23. Rxa1 Nc7 24. Bxf8 Kxf8 25. Re1 Ne6 26. g3
Ra6 27. Ra1 Ra4 28. c4 Ke7 29. Kc3 Kf6 30. f4 Nc5 31. a3 d6 32. g4 h5 33. h3
hxg4 34. hxg4 g5 35. f5 Ke5 0-1

[Event "CAMPEONATO PROVINCIAL ABSOLUTO de ALICAN"]
[Site "Elche"]
[Date "2011.11.05"]
[Round "4"]
[White "Lloret Ramon, Carles"]
[Black "Serrano Marhuenda, Salvador"]
[Result "0-1"]
[WhiteElo "1654"]
[BlackElo "2103"]
[PlyCount "104"]
[EventDate "2011.10.01"]
[EventRounds "7"]
[EventCountry "ESP"]

1. e4 c5 2. Nf3 e6 3. d4 cxd4 4. Nxd4 a6 5. Bd3 Nc6 6. Nxc6 dxc6 7. O-O e5 8.
Be3 Nf6 9. Nd2 Bd6 10. Nc4 Bc7 11. Bg5 h6 12. Bh4 Be6 13. Qf3 g5 14. Bg3 Bg4
15. Qe3 Qe7 16. h3 Bh5 17. f3 Bg6 18. Qd2 O-O 19. Qc3 Rfe8 20. Na5 Bd6 21. Qb3
Rab8 22. Bxa6 bxa6 23. Nxc6 Qc7 24. Nxb8 Rxb8 25. Qc3 Qxc3 26. bxc3 Nh5 27. Bf2
Nf4 28. Rfd1 Bf8 29. Kf1 f5 30. exf5 Bxf5 31. Rd2 Rc8 32. Re1 Bg7 33. Re3 Be6
34. a3 Bc4+ 35. Kg1 Nd5 36. Re1 Nxc3 37. Bg3 Re8 38. Rd6 e4 39. Kf2 Nb5 40.
Rxe4 Nxd6 41. Bxd6 Rxe4 42. fxe4 Bd4+ 43. Kf3 Kf7 44. g3 h5 45. h4 gxh4 46.
gxh4 Ke6 47. Bb4 Bf6 48. Kg3 Bb5 49. Be1 Be7 50. Kf4 Bxa3 51. Kg5 Be2 52. Bd2
Be7+ 0-1

[Event "CAMPEONATO PROVINCIAL ABSOLUTO de ALICAN"]
[Site "Elche"]
[Date "2011.11.05"]
[Round "4"]
[White "Soler Giner, Salvador"]
[Black "Beltran Garcia, Ruben"]
[Result "0-1"]
[WhiteElo "2030"]
[BlackElo "2074"]
[PlyCount "42"]
[EventDate "2011.10.01"]
[EventRounds "7"]
[EventCountry "ESP"]

1. e4 e6 2. d4 d5 3. e5 c5 4. c3 Nc6 5. Nf3 Qb6 6. Be2 Nh6 7. Na3 cxd4 8. cxd4
Bb4+ 9. Kf1 Nf5 10. Nc2 Be7 11. g4 Nh4 12. Nxh4 Bxh4 13. a3 Nxe5 14. g5 Ng6 15.
Bd3 O-O 16. Qh5 e5 17. Bxg6 Qxg6 18. Qxh4 Qxc2 19. dxe5 Bf5 20. f3 Rac8 21. Qd4
Bd3+ 0-1

[Event "CAMPEONATO PROVINCIAL ABSOLUTO de ALICAN"]
[Site "Elche"]
[Date "2011.11.05"]
[Round "4"]
[White "Moreno Simo, Javier"]
[Black "Pinos Rubio, Roberto"]
[Result "1-0"]
[WhiteElo "2034"]
[BlackElo "1956"]
[PlyCount "51"]
[EventDate "2011.10.01"]
[EventRounds "7"]
[EventCountry "ESP"]

1. d4 g6 2. e4 Bg7 3. c4 d6 4. f4 Nc6 5. Nf3 Bg4 6. Be3 e5 7. fxe5 dxe5 8. d5
Nd4 9. Nc3 Bxf3 10. gxf3 Qh4+ 11. Bf2 Qf4 12. Bg2 Ne7 13. c5 O-O 14. O-O f5 15.
Qd3 a6 16. Rad1 Rad8 17. Bxd4 exd4 18. Ne2 Qe3+ 19. Kh1 fxe4 20. fxe4 Rf2 21.
Rxf2 Qxf2 22. Nxd4 Qxb2 23. Ne6 Rc8 24. d6 cxd6 25. cxd6 Rc3 26. dxe7 1-0

[Event "CAMPEONATO PROVINCIAL ABSOLUTO de ALICAN"]
[Site "Elche"]
[Date "2011.11.05"]
[Round "4"]
[White "Lloret Climent, Miguel"]
[Black "Marti Blanes, Jose Manuel"]
[Result "0-1"]
[WhiteElo "2074"]
[BlackElo "1921"]
[PlyCount "60"]
[EventDate "2011.10.01"]
[EventRounds "7"]
[EventCountry "ESP"]

1. d4 Nf6 2. c4 g6 3. Nc3 Bg7 4. e4 d6 5. Nf3 O-O 6. Be2 e5 7. Be3 Ng4 8. Bg5
f6 9. Bh4 g5 10. Bg3 Nh6 11. O-O Nc6 12. d5 Ne7 13. Ne1 f5 14. f3 Ng6 15. Nd3
Nf4 16. Nxf4 exf4 17. Bf2 fxe4 18. fxe4 g4 19. Qd3 Nf7 20. c5 Ne5 21. Qd2 f3
22. Bd1 fxg2 23. Kxg2 Nf3 24. Qd3 Qg5 25. cxd6 Qh5 26. Bxf3 gxf3+ 27. Kh1 Bh3
28. dxc7 Be5 29. Rg1+ Bg2+ 30. Rxg2+ fxg2+ 0-1